| 000 | 00636nam a2200193 i 4500 | ||
|---|---|---|---|
| 001 | 70796 | ||
| 003 | ES-MaACL | ||
| 007 | t| | ||
| 008 | 040803s1983 sp ||||1| spa d | ||
| 100 | 0 |
_aGarrido Chamorro, Manuel, _d1923-1990 _955691 |
|
| 245 | 1 | 0 |
_aFantasía toledana _b: (glosa para un poemario exquisito) / _cManuel Garrido Chamorro. |
| 260 |
_aLa Carolina : _b[s.n.], _c1983 ( _fGráficas Ramirez) |
||
| 300 |
_a51 p. : _bil. ; _c21 cm. |
||
| 490 | 1 |
_aLa peñuela ; _v20 |
|
| 830 | 3 | 3 |
_aLa peñuela (Serie) ; _v20 _9236651 |
| 852 |
_aES-MaACL _jL-4294 _bR.105190 _9 73440 |
||
| 942 | _2udc | ||
| 999 |
_c70796 _d70796 |
||